[Event "New York op"]
[Site "New York"]
[Date "1991.??.??"]
[Round "8"]
[White "Gruenberg, Hans Ulrich"]
[Black "Lautier, Joel"]
[Result "0-1"]
[WhiteElo "2485"]
[BlackElo "2550"]
[Annotator "Lautier,J"]
[PlyCount "86"]
[EventDate "1991.03.??"]
[EventType "swiss"]
[EventRounds "9"]
[EventCountry "USA"]
[SourceTitle "CBM 023"]
[Source "ChessBase"]
[SourceDate "1991.08.01"]
[SourceVersion "1"]
[SourceVersionDate "1991.08.01"]
[SourceQuality "1"]

1. d4 Nf6 2. c4 e6 3. Nf3 b6 4. g3 Ba6 5. b3 Bb4+ 6. Bd2 Be7 7. Bg2 c6 8. Bc3
Ne4 9. Bb2 d5 10. O-O Nd7 11. Nbd2 f5 12. Rc1 Bb7 (12... O-O $1 13. cxd5 cxd5
14. Rc6 Nd6 15. Ng5 (15. Ba3 Nf6 16. Ne5 Bb5 17. Rc1 Rc8 $11) 15... Bxg5 (15...
Rf6 16. Ba3 Nb5 17. Nxe6 Rxe6 18. Rxe6 Bxa3 19. Bxd5 Kh8 20. Bxa8 Qxa8 21. Nc4
Bf8 $14) 16. Rxd6 Qe7 17. Ba3 Rfd8 $1 18. Nf3 (18. Rxd5 $2 Qxa3 19. Rxd7 Rxd7
20. Bxa8 Rxd4 $19) (18. Nb1 $6 Qf7 19. Rc6 Rac8 $15) 18... Bf6 19. Qc1 Rac8 (
19... Bxe2 $2 20. Re1 $16) 20. Qb2 Nc5 $1 21. Rxd8+ Qxd8 22. Rc1 Ne4 23. e3 $11
) 13. Ne1 O-O 14. Nd3 Bd6 15. e3 Qe7 16. Nf3 Rad8 (16... Rac8 $11) 17. Qe2 c5
$11 18. Rfd1 Rfe8 (18... Bb8 19. Ba3 $5) 19. Ba1 (19. Nfe5 $6 Nxe5 20. dxe5 (
20. Nxe5 Bxe5 21. dxe5 dxc4 22. bxc4 Ng5 $15) 20... Bb8 21. h4 {with the idea
22.Kh2 and 23.f3 trapping the Knight.} d4 22. exd4 cxd4 $15) 19... Bb8 20. Qb2
Qf8 $5 21. Qa3 Qe7 22. Qb2 Bd6 $1 23. Qe2 Rc8 {with the idea Red8.} 24. dxc5
bxc5 25. Nfe5 Nxe5 26. Bxe5 (26. Nxe5 Red8 27. f3 Nf6 28. f4 $11) 26... Red8
27. Qb2 $2 (27. Bxd6 Qxd6 28. cxd5 exd5 29. Nf4 Kh8 (29... d4 $6 30. Qc4+ Kh8
31. Qe6 $1 $14) 30. Qb2 {unclear.}) 27... d4 $1 $15 28. exd4 cxd4 29. Bxd6 (29.
Bxd4 $2 Ba3 30. Qa1 Bxc1 31. Rxc1 (31. Nxc1 e5 $19) 31... Qd7 $19) (29. Qxd4
Bc5 $1 (29... Ba3 30. Qa1 Bxc1 31. Qxc1 {with compensation.}) 30. Qa1 Rxd3 31.
Rxd3 Nxf2 32. Rd2 (32. Rd4 Nd3 $17) 32... Nd3+ 33. Bd4 (33. Kh1 Nxc1 34. Qxc1
Be3) 33... Bxd4+ 34. Qxd4 Nxc1 35. Bxb7 Qxb7 36. Qc3 Nxa2 37. Rxa2 Rd8 $17)
29... Qxd6 30. f4 Qe7 $1 {with the idea ...g5.} 31. Re1 g5 32. Qe2 gxf4 33.
Nxf4 (33. gxf4 $2 Kh8 34. Kh1 Rg8 35. Rg1 Qh4 $19) 33... e5 34. Nd3 (34. Nd5 $2
Bxd5 35. cxd5 Rxc1 36. Rxc1 Nc3 37. Qd2 e4 $19) 34... Rd6 $1 $17 35. Qh5 $6 (
35. Rf1 Rf8 36. Rxf5 $1 Rxf5 37. Bxe4 Bxe4 38. Qxe4 $17) 35... Rf8 36. Bxe4 (
36. Rf1 Rdf6 37. Rce1 Qg7 $1 38. Qe2 (38. Nxe5 Rh6 $19) 38... Rg6 $19) 36...
fxe4 $1 $19 (36... Bxe4 $6 37. Rxe4 fxe4 38. Qg4+ Rg6 39. Qxe4 $17) 37. Qxe5 (
37. Nxe5 Re6 38. Nd3 (38. Ng4 e3 39. Nh6+ Rxh6 40. Qxh6 Qe4 $19) 38... Qg7 (
38... exd3 $2 39. Qg4+) 39. Nb4 (39. Nc5 Re5 $19) 39... Rh6 40. Qe2 (40. Qc5
Rf3 $1 41. Nd5 Rxg3+ 42. Kh1 Rg2 $19) 40... e3 41. Rf1 Qxg3+ $1 42. hxg3 Rh1#)
37... Re6 38. Qc5 (38. Qxd4 Rd8 $19) 38... Qg7 39. Nb4 Rf3 $1 40. Nd5 Rxg3+ 41.
Kh1 (41. hxg3 Qxg3+ 42. Kf1 Qf3+ $19) 41... Rg2 42. Qc7 (42. Rg1 Rxh2+ 43. Kxh2
Rh6#) 42... Qxc7 43. Nxc7 e3 $1 (43... e3 $1 44. Nd5 Rf2 $1 {/\ d3} 45. Rcd1 (
45. Rg1+ Kh8 46. Rcf1 Rxf1 47. Rxf1 e2 $19) 45... e2 $19) 0-1

[Event "Tata Steel-B 74th"]
[Site "Wijk aan Zee"]
[Date "2012.01.28"]
[Round "12"]
[White "L'Ami, Erwin"]
[Black "Timman, Jan H"]
[Result "1/2-1/2"]
[WhiteElo "2596"]
[BlackElo "2571"]
[Annotator "Let's Check"]
[PlyCount "76"]
[EventDate "2012.01.14"]
[EventType "tourn"]
[EventRounds "13"]
[EventCountry "NED"]
[EventCategory "15"]
[SourceTitle "CBM 147"]
[Source "ChessBase"]
[SourceDate "2012.03.16"]
[SourceVersion "1"]
[SourceVersionDate "2012.03.16"]
[SourceQuality "1"]

1. d4 Nf6 2. c4 e6 3. Nf3 b6 4. g3 Ba6 5. b3 Bb4+ 6. Bd2 Be7 7. Nc3 O-O 8. Rc1
Bb7 9. Bg2 Ba3 10. Rc2 Bb4 11. O-O d6 12. d5 e5 13. Ne1 Nbd7 14. Nd3 Bxc3 15.
Bxc3 e4 16. Nf4 Re8 17. f3 Qe7 18. Nh3 c6 19. dxc6 Bxc6 20. Nf2 Rad8 21. f4 d5
22. cxd5 Nxd5 23. Qc1 Ba8 24. Ba1 f5 25. Rd1 Nc5 26. Rc4 a5 27. e3 Nb4 28. Rxd8
Rxd8 29. Bd4 Nxa2 30. Qa3 Nb4 31. Bxc5 bxc5 32. Qxa5 Nd5 33. Rxc5 Nxe3 34. Rc7
Qf6 35. Ra7 Bd5 36. Bh3 Rc8 37. Qa1 Bxb3 $2 (37... Qc3 38. Qxc3 Rxc3 $19) 38.
Nxe4 $11 Qxa1+ 1/2-1/2

[Event "Interzonal-16"]
[Site "Biel"]
[Date "1993.??.??"]
[Round "2"]
[White "Epishin, Vladimir"]
[Black "Lobron, Eric"]
[Result "1/2-1/2"]
[WhiteElo "2655"]
[BlackElo "2545"]
[Annotator "Lobron,E"]
[PlyCount "88"]
[EventDate "1993.07.16"]
[EventType "swiss"]
[EventRounds "13"]
[EventCountry "SUI"]
[SourceTitle "CBM 037"]
[Source "ChessBase"]
[SourceDate "1993.12.01"]
[SourceVersion "1"]
[SourceVersionDate "1993.12.01"]
[SourceQuality "1"]

1. d4 Nf6 2. c4 e6 3. Nf3 b6 4. g3 Bb4+ {Wird selten gespielt,und bietet daher
Spielern,die gerne möglichst früh aus- analysierte Pfade verlassen,d.h.eigene
Wege gehen wollen, ein reiches Be- tätigungsfeld.} 5. Bd2 a5 $5 {Neben 5...c5
die interessantere Möglichkeit, der Drohung 6.Lb4 zu begegnen.} 6. Bg2 O-O {
Für gewöhnlich stellt 6...Ba6 7.0-0 0-0 lediglich eine Zugumstellung dar.} 7.
Ne5 (7. O-O Ba6 8. Bg5 $5 Bxc4 9. Ne5 Bd5 10. e4 Bb7 11. Ng4 $44) (7. O-O Ba6
8. Ne5 Ra7 9. Bxb4 axb4 10. a3 d6 11. axb4 dxe5 12. dxe5 Ng4 $13) 7... Ra7 8.
Nd3 $6 (8. O-O Ba6) 8... c5 $1 (8... Bxd2+ 9. Nxd2 $16) (8... Be7 9. Nc3 c6 10.
e4 Ba6 11. e5 $16) 9. Nxb4 (9. Nc3 $5 Ba6 $13) (9. Nc3 d5 $13) 9... axb4 10.
Bf4 d6 $1 $8 11. dxc5 (11. d5 e5 $15) 11... bxc5 12. O-O (12. Bxd6 Rd7 $19) (
12. Qxd6 Rd7 $19) 12... Ne8 $15 {[+],>< Bf4,>< a2} (12... Rd7 13. a3) 13. Nd2
e5 14. Be3 Qe7 $2 {>= 14. ...f5 =/+} 15. a3 f5 16. Nb3 (16. f4 bxa3 (16... bxa3
17. fxe5 Qxe5 $17) 17. Rxa3 Rxa3 18. bxa3 e4 19. Nb1 Be6 $17 {>< Bg2,Pc4,Pa3})
16... f4 17. Bd2 bxa3 18. Rxa3 Rxa3 19. bxa3 Bb7 20. Bxb7 Qxb7 $15 {>< Pc4,a3}
21. Bc3 Nd7 22. Na5 Qa8 23. f3 $1 (23. Qd5+ $2 Qxd5 24. cxd5 Nb6 25. Rd1 Nf6
$17) (23. Qb3 Qe4 $15) 23... fxg3 24. hxg3 Ndf6 25. Qd2 h5 $6 {>< g5, >= 25.
-h6 -> >>,/\ Qc8,Pe4O} 26. Rb1 Qc8 27. Qg5 Rf7 28. Qg6 $1 Kf8 $138 29. Kg2 (29.
Rb6 Qh3 $40 {/\ 30...Ng4}) 29... Qa8 $1 {>< Na5} 30. Qc2 $138 (30. Rb6 Ra7 $17)
30... e4 (30... Ra7 31. Qa4 $8 Ne4 32. Be1 $13) 31. Rb3 h4 $6 $138 (31... Ng4
$2 32. fxg4 e3+ 33. Nb7 Rxb7 34. Qe4 Rb8 35. Qxa8 Rxa8 36. gxh5 $16) (31... Ra7
32. Qd2 e3 33. Qe1 Ne4 34. fxe4 Qxe4+ 35. Kg1 Rf7 $13) (31... Kg8 $1 $36 {<=>})
32. gxh4 $8 (32. g4 exf3+ 33. exf3 Nxg4 $19) 32... exf3+ 33. exf3 Nh5 34. Qe4
$2 (34. Bd2 $142 Nf4+ 35. Bxf4 Rxf4 36. Kg3 Rf7 37. Qd2 $14) 34... Nf4+ 35. Kf2
Qxe4 (35... Qd8 36. Qh7 $16) 36. fxe4 Nd5+ 37. Kg3 (37. Ke2 Nf4+ 38. Kd2 Re7
$10) 37... Nxc3 38. Rxc3 Ra7 39. Nb3 $2 (39. Nc6 Nf6 40. Rf3 Rf7 41. Re3 Rc7
42. e5 Rxc6 43. exf6 gxf6 $10) 39... Rxa3 $15 40. e5 $1 dxe5 41. Rf3+ Ke7 42.
Nxc5 Rxf3+ 43. Kxf3 Nd6 44. Kg4 Nxc4 $10 1/2-1/2

[Event "EU-ch 12th"]
[Site "Aix les Bains"]
[Date "2011.03.23"]
[Round "2"]
[White "Romanov, Evgeny"]
[Black "Djukic, Nikola"]
[Result "1/2-1/2"]
[WhiteElo "2624"]
[BlackElo "2494"]
[Annotator "Marchand,A/Primel,D"]
[PlyCount "91"]
[EventDate "2011.03.22"]
[EventType "swiss"]
[EventRounds "11"]
[EventCountry "FRA"]
[SourceTitle "CBM 142 Extra"]
[Source "ChessBase"]
[SourceDate "2011.06.27"]
[SourceVersion "1"]
[SourceVersionDate "2011.06.27"]
[SourceQuality "1"]
[TimeControl "40/5400+30:1800+30"]

1. d4 Nf6 2. c4 e6 3. Nf3 b6 4. g3 Ba6 5. Qa4 {Cette vieille idée de Grunfeld
revient un peu à la mode} (5. b3 Bb4+ (5... d5 6. cxd5 (6. Bg2 Bb4+ 7. Bd2 (7.
Nfd2 $6 {Uhlmann,W-Smyslov,V Alekhine Memorial 1956 0-1})) 6... exd5 7. Bg2 Bd6
8. Ne5 O-O (8... Qe7 9. f4 Ne4 {Krasenkow}) 9. Nc3 {Nikolic,P (2585)-Sax,G 
(2600) World Cup Reykjavik 1988 (7) 1/2})) (5. Nbd2 Bb4 (5... c5 6. e4 cxd4 7.
e5 Ng4 8. h3 Nh6 9. Bg2 Nc6 10. O-O Nf5 11. a3 Qc7 12. Re1 Be7 13. b4 Bb7 14.
Ne4 O-O 15. g4 {Goldin,A (2500)-Dautov,R (2515) Riga2 1988 0-1} (15. Bf4 $5 {
[%csl Ge5]}))) (5. Qc2) 5... Bb7 (5... c6 $143 6. Nc3 b5 {Ce gambit populaire
dans les années 70 a un peu disparu aujourd'hui mais il n'est néanmoins pas
réellement réfuté} 7. cxb5 cxb5 8. Nxb5 Qb6 9. Nc3 Bb4 10. Bg2 O-O (10... Nc6)
11. O-O Bxc3 12. bxc3 Bxe2 $132 {Chadaev,N (2580)-Iordachescu,V (2636) TUR-chT
Konya 2012 (3) 1/2}) 6. Bg2 c5 7. dxc5 Bxc5 (7... bxc5 {[%csl Gd4][%cal Gb8c6]}
8. O-O Be7 9. Nc3 O-O 10. Rd1 Qb6 {[%csl Gb4,Gd4]} 11. Bf4 d6 (11... Rd8 12.
Rab1 h6 13. Qb5 Bc6 (13... d5 $5 14. cxd5 exd5 15. Nh4 {[%csl Rf5]} Rd7 16. Nf5
Bf8 (16... d4 17. Bxb7 Rxb7 18. Qc4 Bf8 $132 {[%csl Rb2,Re2][%cal Gb8c6,Gb8d7,
Ga8e8]}))) 12. Rd2 (12. Rab1 {[%cal Gb2b4,Gb1b6]}) 12... Nc6 13. Bxd6 Bxd6 14.
Rxd6 Qxb2 $132) 8. O-O O-O 9. Nc3 Be7 {[%cal Gb8a6,Ga6c5]} 10. Rd1 Na6 {
[%cal Ga6c5] Le N va regagner sur la Q, le temps perdu par Bc5e7} 11. Be3 {
[%emt 0:01:20]} Qc8 {[%emt 0:01:22]} 12. Rac1 {[%emt 0:01:15]} Nc5 {[%emt 0:01:
21]} 13. Qc2 Nce4 14. Bd4 Nxc3 (14... Rd8 15. Qd3 Nxc3 16. Qxc3 Qc7 17. b3 Rac8
18. Qb2 Be4 19. Ne1 Bxg2 20. Nxg2 Qb7 21. Ne3 h5 22. a4 Ne8 23. Rd3 Bf6 24.
Rcd1 a6 25. Qd2 Be7 26. a5 bxa5 27. Qxa5 Nf6 28. Bxf6 Bxf6 29. Qxh5 {Karpov,A 
(2755)-Ehlvest,J (2620)/ Skelleftea 1989/CBM 014/1-0 (52)}) 15. Qxc3 {[%emt 0:
01:11]} Be4 {[%emt 0:01:15]} (15... Qc7 $11) 16. Bf1 $146 {[%emt 0:01:01][%cal
Gf3d2]} (16. Ng5 Bxg2 17. Qd3 Ne4 18. Nxe4 Bh3 19. Be5 Qc6 20. f3 Bc5+ 21. Nxc5
Qxc5+ 22. Qd4 Qxd4+ 23. Rxd4 f6 24. Bd6 Rfc8 25. g4 h5 26. Kf2 hxg4 27. fxg4 f5
28. gxf5 Bxf5 29. Rg1 Re8 30. Rh4 e5 {Sturua,Z (2580)-Gershon,A (2540)/Linares
2001/CBM 081/1-0 (64)}) (16. Bh3 $5 {[%cal Gf3d2]}) 16... d6 {[%emt 0:01:05]}
17. Qe3 (17. Nd2 Bb7 (17... Bc6 {[%cal Gc8b7]})) (17. Bh3 $5 {[%cal Gh3c8]
Aurait gagné un tempo sur la partie en évitant de jouer ensuite Bf1 avant de
chasser le Be4 par Nd2} Qb7 18. Qe3 Rac8 19. b4 Rfe8 20. Nd2 {[%cal Gd2e4]})
17... Qb7 $132 {[%csl Gb7,Ge4]} 18. b4 Rac8 {Les pièces Noires sont maintenant
bien coordonnées} (18... e5 19. Bb2 a5 20. a3 Ng4 21. Qb3 axb4 22. axb4 $11)
19. Nd2 {[%emt 0:00:50]} Ra8 {[%emt 0:00:45] Une nouvelle erreur
d'enregistrement des plateaux DGT et bien évidemment ce coup débile Ra8 n'a
pas été joué. Il y a en fait 02 coups de trop dans le pgn par rapport а la
feuille de partie et les Noirs ont joué directement 19. Bf5. La suite de la
partie est correctement sauvegardé.} (19... Bf5 20. Bg2 Qd7) 20. Nf3 Rac8 21.
Nd2 {[%emt 0:00:45]} Bf5 {[%emt 0:00:36]} 22. Bg2 Qd7 23. Qb3 e5 24. Be3 Bh3
25. Bg5 {[%emt 0:00:20]} Bxg2 {[%emt 0:00:20]} 26. Kxg2 d5 27. Bxf6 dxc4 {
[%emt 0:00:05]} 28. Nxc4 Qc6+ 29. f3 Qxf6 30. Ne3 Rxc1 31. Rxc1 {[%emt 0:00:13]
} Qh6 {[%emt 0:00:01]} 32. Rc4 (32. Rc7 $14) 32... Qe6 33. Qc2 Bg5 34. Rc6 Qd7
35. Nf5 g6 36. h4 Qxf5 37. Qxf5 gxf5 38. hxg5 Rd8 39. Kf2 Rd2 40. a3 Ra2 41.
Rc3 f4 42. gxf4 exf4 43. Rc4 Rxa3 44. Rxf4 Kg7 45. Rd4 h6 46. gxh6+ {La partie
n'a duré que 44 coups après l'erreur d'enregistrement du 19ème coup} 1/2-1/2

[Event "Morelia/Linares 24th"]
[Site "Morelia/Linares"]
[Date "2007.03.03"]
[Round "9"]
[White "Carlsen, Magnus"]
[Black "Aronian, Levon"]
[Result "1/2-1/2"]
[WhiteElo "2690"]
[BlackElo "2744"]
[Annotator "Marin,M"]
[PlyCount "56"]
[EventDate "2007.02.17"]
[EventType "tourn"]
[EventRounds "14"]
[EventCountry "ESP"]
[EventCategory "20"]
[SourceTitle "CBM 117"]
[Source "ChessBase"]
[SourceDate "2007.03.30"]
[SourceVersion "1"]
[SourceVersionDate "2007.03.30"]
[SourceQuality "1"]

1. d4 Nf6 2. c4 e6 3. Nf3 b6 4. g3 Ba6 5. b3 Bb4+ 6. Bd2 Be7 7. Bg2 c6 8. Bc3
d5 9. Ne5 Nfd7 10. Nxd7 Nxd7 11. Nd2 O-O 12. O-O Rc8 13. e4 c5 14. exd5 exd5
15. dxc5 dxc4 16. c6 cxb3 17. Re1 b2 18. Bxb2 Nc5 19. Nb3 Nd3 20. Re2 Nxb2 21.
Rxb2 Qxd1+ 22. Rxd1 Rfd8 23. Rbd2 Rxd2 24. Rxd2 Rd8 25. Rxd8+ Bxd8 26. Nd4 Bc4
27. Bf1 ({Not really creative. In the game Topalov-Leko, played just days
earlier in Morelia, White chose} 27. a4 Kf8 28. Nb5 {which left White with
"the symbolically better side of a dead drawn position". Carlsen is not that
ambitious and forces an immediate repetition of moves.}) 27... Bd5 ({Not} 27...
Bxa2 $2 {because of} 28. Nb5 {winning a piece after 29.c7.}) 28. Bg2 Bc4
1/2-1/2

[Event "Moscow Tal Memorial 7th"]
[Site "Moscow"]
[Date "2012.06.16"]
[Round "7"]
[White "Aronian, Levon"]
[Black "Grischuk, Alexander"]
[Result "1/2-1/2"]
[WhiteElo "2825"]
[BlackElo "2761"]
[Annotator "Marin,M"]
[PlyCount "56"]
[EventDate "2012.06.08"]
[EventType "tourn"]
[EventRounds "9"]
[EventCountry "RUS"]
[EventCategory "22"]
[SourceTitle "CBM 149"]
[Source "ChessBase"]
[SourceDate "2012.07.17"]
[SourceVersion "1"]
[SourceVersionDate "2012.07.17"]
[SourceQuality "1"]

1. d4 Nf6 2. Nf3 e6 3. c4 b6 4. g3 Bb4+ {Since 4...Ba6 faces Black with
concrete problems after the modern 5.Qc2 and 4...Bb7 is too dull for the taste
of some players, checks on the fourth or fifth move are worthy alternatives.
About 30 years ago, the game move used to be a speciality of the always
original Anthony Miles.} 5. Bd2 Bxd2+ 6. Qxd2 {The most principled way of
capturing in all the Bogo-Indian genuine and hybrid lines. White needs to keep
the pressure along the d-file.} (6. Nbxd2 {defends the c4-pawn before it is
even attacked, but Black can return to the normal way of developing:} Bb7 7.
Bg2 O-O 8. O-O {In practice, Black has tried many moves, but I feel some
preference for} c5 $5 {aiming to transpose to a comfortable hedgehog, in which
there will be no pressure against the d6-pawn.} 9. Re1 ({Here is an example
from Miles' collection:} 9. Qa4 $6 Qc7 10. Rac1 d6 11. Rfd1 Nbd7 12. e3 h6 13.
Nb1 Rac8 14. Nc3 a6 $15 {Afifi,A-Miles,A (2510)/Lucerne 1982/EXT 97-B (0-1, 46)
. White's position has somewhat lost harmony.}) 9... cxd4 10. Nb3 Qc7 11. Qxd4
Nc6 12. Qh4 Ne7 13. Rac1 d6 14. Nfd4 Bxg2 15. Kxg2 a6 $15 {As pointed out by
Tisdall, White's knights are rather misplaced, Antunes,A (2510)-Cvitan,O (2550)
/Pula 1997/CBM 057 ext/[Tisdall] (0-1, 58) Now and in other comments below, I
have generally followed the paths opened by Miles, but have also chosen a more
recent game to offer a more complete picture.}) 6... Ba6 $5 (6... Bb7 7. Bg2
O-O {would transpose to a variation which I examined in an article for CBM 144}
) 7. b3 {The most flexible way of defending the c4-pawn.} (7. Na3 {misplaces
the knight and allows Black to switch to the normal development even with
"loss of time".} Bb7 8. Bg2 O-O (8... d6 9. O-O Nbd7 10. Nh4 Bxg2 11. Nxg2 O-O
12. Rad1 c6 13. f3 d5 14. Rc1 c5 $11 {Taimanov,M (2595)-Larsen,B (2620)/
Leningrad 1973/IZT (1/2, 47)}) 9. O-O d6 10. Rad1 Nbd7 11. Nb5 {The knight
needs to be re-activated, but this manoeuvre allows Black to start queenside
counterplay efortlessly.} a6 12. Nc3 b5 $132 {Torre,E (2565)-Miles,A (2610)/
Wijk aan Zee 1984/MCL (1/2, 23)}) (7. Qc2 {This is a real loss of time and can
safely be answered with the same "method".} Bb7 8. Bg2 ({White has no time to
fight for the d5- and e4-squares yet, as} 8. Nc3 {runs into} Bxf3 9. exf3 Nc6
$132) 8... c5 9. dxc5 (9. O-O cxd4 10. Nxd4 Bxg2 {1/2 Van Wely,L (2635)-Miles,
A (2590)/Escaldes 1998/CBM 068}) 9... bxc5 10. O-O O-O 11. Rd1 Nc6 12. Nc3 Qe7
(12... a6 $6 {this is too slow and allows White build up pressure along the
d-file.} 13. Qd2 Qe7 14. Qd6 $14 {Gajewski,G (2555)-Riazantsev,A (2689)/Warsaw
2010/CBM 139 Extra (1-0, 52)}) 13. Rac1 ({After Black's last developing move,} 
13. Qd2 {cannot be dangerous: White has wasted too much time with his queen.}
d5 $5 14. cxd5 exd5 $13 15. Nxd5 Nxd5 16. Qxd5 Nd4 17. Qc4 Nxe2+ 18. Kh1 Rfe8
$132) 13... Rfd8 14. e3 d6 15. b3 h6 {1/2 Fridman,D (2628)-Bischoff,K (2537)/
Bad Woerishofen 2008/CBM 122 Extra}) 7... c6 {The start of an effective plan
aimed at putting pressure on c4.} 8. Nc3 {In order to hope for an advantage,
White needs to start active play in the centre as soon as possible.} ({Even
with the extra tempo b2-b3,} 8. Qc2 {can be met with the slightly paradoxical}
c5 $5 9. Nc3 (9. e4 cxd4 10. Nxd4 Nc6 11. Nxc6 dxc6 12. Bg2 Qc7 $15 {The
weaknesses on dark squares left White struggling in Kouatly,B (2410)-Miles,A 
(2585)/Strasbourg 1983/EXT 2005 (0-1, 33)}) 9... Nc6 10. dxc5 bxc5 11. Bg2 Bb7
12. O-O d6 13. Rfd1 Qe7 14. a3 O-O 15. Qd2 Rad8 16. b4 cxb4 17. axb4 Nxb4 18.
Rxa7 {1/2 Hort,V (2545)-Miles,A (2595)/Biel 1990/CBM 019}) ({The following
game is a good example of the fact that White does not get much by releasing
the tension after ...d7-d5:} 8. Bg2 d5 9. O-O Nbd7 10. cxd5 cxd5 11. Nc3 Rc8
12. Rac1 O-O 13. Rc2 Rc7 14. Rfc1 Qb8 15. Ne5 Rfc8 16. f4 Bb7 17. e3 Ne8 {
Portisch,L (2635)-Miles,A (2570)/Luzern 1985/MCD (1/2, 50). Black is well
regrouped and had no problems in reaching a draw.}) 8... d5 9. e4 {Once again,
the most principled reaction.} (9. Bg2 Nbd7 {leaves White with problems
maintaining the tension:} 10. Qb2 (10. Ne5 {simplifies the position and allows
Black to develop freely.} Nxe5 11. dxe5 Nd7 12. f4 Qe7 13. O-O O-O 14. Rfd1
Rfd8 15. cxd5 cxd5 16. e4 {The only active plan, which looks quite promising
in fact. White hopes to get his knight on to d6.} d4 $1 {A thematic move,
leaving the e4-pawn in the knight's way.} 17. Qxd4 Rac8 $44 {The extra pawn
does not make itself felt, while Black has a very active position.} 18. Qe3 Qb4
19. Ne2 Nc5 20. Rxd8+ Rxd8 21. Qc3 Qxc3 22. Nxc3 Kf8 {Tukmakov,V (2550)-Miles,
A (2610)/Wijk aan Zee 1984/MCL/[Miles] (1/2, 56). By this moment, Miles
evaluates Black's position as slightly better. This may be a bit exaggerated,
but later he got a winning ending anyway.}) 10... dxc4 11. bxc4 Bxc4 12. Nd2
Ba6 13. Bxc6 Rc8 14. Bg2 O-O 15. O-O Nb8 $132 {White enjoys free development
and can be satisfied with his position.} 16. Nb3 Qe7 (16... Rc4 {Nikolic,P 
(2330)-Miles,A (2510)/Thessaloniki 1984/EXT 1997 (1-0, 60)}) 17. Rfe1 Rc4 {
Torre,E (2505)-Miles,A (2510)/Thessaloniki 1984/EXT 97-B (1/2, 67)}) 9... Nxe4
10. Nxe4 dxe4 11. Ng5 c5 $1 {Black has to react in the centre as soon as
possible.} ({Earlier,} 11... Nd7 {used to be played, but this allows White to
retain a space advantage. For instance:} 12. Nxe4 Nf6 13. Bg2 Nxe4 14. Bxe4 Bb7
15. O-O O-O 16. Rfd1 Qf6 17. Qe3 Rfd8 18. Rd2 Rd7 19. Rad1 g6 20. h4 h5 21. c5
$1 $14 {[%csl Gb7] Tkachiev,V (2652)-Bauer,C (2629)/Clichy 2007/CBM 118 ext 
(1-0, 51). A thematic move, leaving the enemy bishop out of play.}) 12. Bg2 (
12. Nxe4 {forces Black to sacrifice material, but this is not that bad
actually.} cxd4 13. Bg2 O-O (13... Nc6 $2 14. Nf6+ $1) 14. Ng5 (14. Nf6+ Qxf6
15. Bxa8 b5 $44) 14... Nd7 15. Bxa8 Qxa8 16. O-O Nf6 17. Qxd4 h6 18. Nh3 Bb7 {
[%csl Yf1,Yh3][%cal Gb7g2]} 19. Nf4 (19. Rfe1 $6 Qc8 $1 $40 {[%cal Gc8c6]})
19... Ne4 20. Nh5 f6 $44 {[%cal Ge4g5,Gf8d8]}) 12... Nc6 13. dxc5 Qxd2+ 14.
Kxd2 f5 {A highly non-symmetrical structure. Who said that the Queen's Indian
is dull-and-drawish?!} 15. Nxe6 $146 (15. cxb6 Ke7 16. bxa7 Rhd8+ $44 {Saric,A
(2514)-Riazantsev,A (2634)/Budva 2009/CBM 130 (0-1, 29)}) 15... Kf7 16. Nf4
bxc5 17. f3 Rad8+ 18. Kc3 e3 19. Nd3 Rhe8 {White has the better structure, but
his king is exposed. This latter detail is quite relevant since Black's army
is perfectly mobilised.} 20. Nxc5 (20. f4 e2 21. Bd5+ Rxd5 22. cxd5 Re3 23.
dxc6 Rxd3+ 24. Kc2 Ke6 $44) 20... e2 (20... Rd2 21. Bf1 Bc8 {looks quite all
right, too.}) 21. Nxa6 Re3+ 22. Kc2 Red3 {The first battery is set up along
the d-file, but the final part of the counter-attack will take place
horizontally!} 23. Rae1 Rd2+ 24. Kc1 (24. Kc3 $4 R8d3#) 24... Rxa2 25. f4 Rdd2
$11 26. Bxc6 Rac2+ 27. Kb1 Rb2+ 28. Ka1 Ra2+ 1/2-1/2